000 00256nam a22001097a 4500
082 _a923.1 FUR'A
100 _aFURNEAUX, RUPERT
_948725
245 _aABDUL KARIM EMIR OF THE RIF
260 _aLONDON
_bSECKER & WARBURG
_c1967
300 _a253P
942 _cBK
999 _c580321
_d580321